书目信息 |
| 题名: |
日语达人秀
|
|
| 作者: | 贺静彬 , 王云 主编 | |
| 分册: | 生活口语 | |
| 出版信息: | 大连 大连出版社 2013 |
|
| 页数: | 206页 | |
| 开本: | 24cm | |
| 丛书名: | ||
| 单 册: | ||
| 中图分类: | H369.9 | |
| 科图分类: | ||
| 主题词: | 日语--口语 | |
| 电子资源: | ||
| ISBN: | 978-7-5505-0375-5 | |
| 000 | 00970nam 2200253 450 | |
| 001 | 2368148609 | |
| 005 | 20231218141045.78 | |
| 010 | @a978-7-5505-0375-5@dCNY32.00 | |
| 010 | @a978-7-88353-597-3@b光盘 | |
| 100 | @a20121017d2013 em y0chiy50 ea | |
| 101 | 0 | @achi@ajpn |
| 102 | @aCN@b210000 | |
| 105 | @aak z 000yy | |
| 200 | 1 | @a日语达人秀@Ari yu da ren xiu@i生活口语@f主编贺静彬, 王云 |
| 210 | @a大连@c大连出版社@d2013 | |
| 215 | @a206页@c图@d24cm | |
| 330 | @a本书可以助你在中国“日语达人秀”的舞台上实现成为“生活口语达人”的梦想! 在这本书中, 你可以尽情地将自己想象为书中的“小菜鸟”, 跟随“留学达人”带着“目标任务”, 通过对“情景会话”、“单词·表达”等的学习, 挑战“达人闯关”, 通过层层关卡, 从“菜鸟”进化成“达人”。 | |
| 517 | 1 | @a生活口语@Asheng huo kou yu |
| 606 | 0 | @a日语@x口语 |
| 690 | @aH369.9@v5 | |
| 701 | 0 | @a贺静彬@Ahe jing bin@4主编 |
| 701 | 0 | @a王云@Awang yun@4主编 |
| 801 | 0 | @aCN@b湖北三新@c20121222 |
| 905 | @aZUCC@dH369.9@e11:1 | |
| 日语达人秀.生活口语/主编贺静彬, 王云.-大连:大连出版社,2013 |
| 206页:图;24cm |
| ISBN 978-7-5505-0375-5:CNY32.00 |
| 本书可以助你在中国“日语达人秀”的舞台上实现成为“生活口语达人”的梦想! 在这本书中, 你可以尽情地将自己想象为书中的“小菜鸟”, 跟随“留学达人”带着“目标任务”, 通过对“情景会话”、“单词·表达”等的学习, 挑战“达人闯关”, 通过层层关卡, 从“菜鸟”进化成“达人”。 |
| ● |
| 相关链接 |
|
|
|
正题名:日语达人秀
索取号:H369.9/11:1
 
预约/预借
| 序号 | 登录号 | 条形码 | 馆藏地/架位号 | 状态 | 备注 |
| 1 | 2001312041 | 2001312041 | 三新/湖北三新(第三批)/1003/ [索取号:H369.9/11:1] | 在馆 | |
| 2 | 2001312042 | 2001312042 | 三新/湖北三新(第三批)/1003/ [索取号:H369.9/11:1] | 在馆 | |
| 3 | 2001312043 | 2001312043 | 三新/湖北三新(第三批)/1003/ [索取号:H369.9/11:1] | 在馆 | |
| 4 | 2001312044 | 2001312044 | 三新/湖北三新(第三批)/1003/ [索取号:H369.9/11:1] | 在馆 | |
| 5 | 2001312045 | 2001312045 | 三新/湖北三新(第三批)/1003/ [索取号:H369.9/11:1] | 在馆 | |
| 6 | 2001312046 | 2001312046 | 三新/湖北三新(第三批)/1003/ [索取号:H369.9/11:1] | 在馆 | |
| 7 | 2001312047 | 2001312047 | 三新/湖北三新(第三批)/1003/ [索取号:H369.9/11:1] | 在馆 | |
| 8 | 2001312048 | 2001312048 | 三新/湖北三新(第三批)/1003/ [索取号:H369.9/11:1] | 在馆 | |
| 9 | 2001312049 | 2001312049 | 三新/湖北三新(第三批)/1003/ [索取号:H369.9/11:1] | 在馆 | |
| 10 | 2001312050 | 2001312050 | 三新/湖北三新(第三批)/1003/ [索取号:H369.9/11:1] | 在馆 | |
| 11 | 2001312051 | 2001312051 | 三新/湖北三新(第三批)/1003/ [索取号:H369.9/11:1] | 在馆 | |
| 12 | 2001312052 | 2001312052 | 三新/湖北三新(第三批)/1003/ [索取号:H369.9/11:1] | 在馆 | |
| 13 | 2001312053 | 2001312053 | 三新/湖北三新(第三批)/1003/ [索取号:H369.9/11:1] | 在馆 | |
| 14 | 2001312054 | 2001312054 | 三新/湖北三新(第三批)/1004/ [索取号:H369.9/11:1] | 在馆 | |
| 15 | 2001312055 | 2001312055 | 三新/湖北三新(第三批)/1004/ [索取号:H369.9/11:1] | 在馆 | |
| 16 | 2001312056 | 2001312056 | 三新/湖北三新(第三批)/1004/ [索取号:H369.9/11:1] | 在馆 | |
| 17 | 2001312057 | 2001312057 | 三新/湖北三新(第三批)/1004/ [索取号:H369.9/11:1] | 在馆 | |
| 18 | 2001312058 | 2001312058 | 三新/湖北三新(第三批)/1004/ [索取号:H369.9/11:1] | 在馆 | |
| 19 | 2001312059 | 2001312059 | 三新/湖北三新(第三批)/1004/ [索取号:H369.9/11:1] | 在馆 | |
| 20 | 2001312060 | 2001312060 | 三新/湖北三新(第三批)/1004/ [索取号:H369.9/11:1] | 在馆 | |
| 21 | 2001312061 | 2001312061 | 三新/湖北三新(第三批)/1004/ [索取号:H369.9/11:1] | 在馆 | |
| 22 | 2001312062 | 2001312062 | 三新/湖北三新(第三批)/1004/ [索取号:H369.9/11:1] | 在馆 | |
| 23 | 2001312063 | 2001312063 | 三新/湖北三新(第三批)/1004/ [索取号:H369.9/11:1] | 在馆 | |
| 24 | 2001312064 | 2001312064 | 三新/湖北三新(第三批)/1004/ [索取号:H369.9/11:1] | 在馆 | |
| 25 | 2001312065 | 2001312065 | 三新/湖北三新(第三批)/1004/ [索取号:H369.9/11:1] | 在馆 | |
| 26 | 2001312066 | 2001312066 | 三新/湖北三新(第三批)/1004/ [索取号:H369.9/11:1] | 在馆 | |
| 27 | 2001312067 | 2001312067 | 三新/湖北三新(第三批)/1004/ [索取号:H369.9/11:1] | 在馆 | |
| 28 | 2001312068 | 2001312068 | 三新/湖北三新(第三批)/1004/ [索取号:H369.9/11:1] | 在馆 | |
| 29 | 2001312069 | 2001312069 | 三新/湖北三新(第三批)/1004/ [索取号:H369.9/11:1] | 在馆 | |
| 30 | 2001312070 | 2001312070 | 三新/湖北三新(第三批)/1004/ [索取号:H369.9/11:1] | 在馆 |